[Event "GER CCM-E02-C email"]
[Site "GER email"]
[Date "2018.06.19"]
[Round "?"]
[White "Schmidt, Torsten"]
[Black "Rihtaric, Ivan"]
[Result "0-1"]
[WhiteElo "2086"]
[BlackElo "2082"]
[PlyCount "58"]
[EventDate "2018.??.??"]
[EventType "tourn (corr)"]
[EventRounds "13"]
[EventCountry "GER"]
[SourceTitle "Corr 2020"]
[Source "ChessBase"]
[SourceDate "2019.09.30"]
[SourceVersion "1"]
[SourceVersionDate "2019.09.30"]
[SourceQuality "1"]

1. f4 c5 2. Nf3 Nf6 3. e3 Nc6 4. Be2 d5 5. d3 g6 6. 0-0 Bg7 7. c3 0-0 8. Qe1 Qc7 9. Nbd2 Bg4 10. e4 dxe4 11. Nxe4 b6 12. Qh4 Rfe8 13. h3 Bd7 14. Bd2 Rad8 15. g4 Bc8 16. Rae1 Nxe4 17. dxe4 Bf6 18. Qf2 Bb7 19. e5 Bh8 20. Bc1 Bg7 21. Ng5 e6 22. Bb5 a6 23. Ba4 b5 24. Bc2 Na5 25. f5 exf5 26. gxf5 Bxe5 27. fxg6 fxg6 28. Rxe5 Rxe5 29. Nf7 Qc6 0-1

[Event "GER-Cup33 E/V05 email"]
[Site "GER email"]
[Date "2017.12.25"]
[Round "?"]
[White "Voigt, Detlev"]
[Black "Schmidt, Torsten"]
[Result "1/2-1/2"]
[WhiteElo "1912"]
[BlackElo "1881"]
[PlyCount "76"]
[EventDate "2018.01.10"]
[EventType "tourn (corr)"]
[EventRounds "4"]
[EventCountry "GER"]
[SourceTitle "Corr 2020"]
[Source "ChessBase"]
[SourceDate "2019.09.30"]
[SourceVersion "1"]
[SourceVersionDate "2019.09.30"]
[SourceQuality "1"]

1. d4 f5 2. c4 Nf6 3. Nf3 g6 4. e3 Bg7 5. b4 0-0 6. Bb2 d6 7. Be2 e6 8. Nc3 Qe7 9. 0-0 Nbd7 10. c5 Ne4 11. cxd6 cxd6 12. Nxe4 fxe4 13. Nd2 d5 14. b5 Qh4 15. Ba3 Rf7 16. g3 Qd8 17. Qb3 Nf6 18. Rac1 Bd7 19. Rc3 Rc8 20. Rfc1 Rxc3 21. Qxc3 Ne8 22. Qb3 Qf6 23. Rf1 Qg5 24. f4 Qd8 25. Rc1 Bf6 26. Bb4 Ng7 27. a4 Nf5 28. Nf1 g5 29. g4 Ne7 30. Bd6 gxf4 31. Bxf4 Ng6 32. Bg3 Bh4 33. Qc3 Qf6 34. Qe1 Bxg3 35. Qxg3 e5 36. dxe5 Qxe5 37. Qxe5 Nxe5 38. h3 Be6 1/2-1/2

[Event "GER CCM-E01-D email"]
[Site "GER email"]
[Date "2017.06.26"]
[Round "?"]
[White "Schmidt, Torsten"]
[Black "Elias, Holger"]
[Result "0-1"]
[WhiteElo "2136"]
[BlackElo "2125"]
[PlyCount "76"]
[EventDate "2017.??.??"]
[EventType "tourn (corr)"]
[EventRounds "13"]
[EventCountry "GER"]
[SourceTitle "Corr 2020"]
[Source "ChessBase"]
[SourceDate "2019.09.30"]
[SourceVersion "1"]
[SourceVersionDate "2019.09.30"]
[SourceQuality "1"]

1. f4 d5 2. Nf3 g6 3. g3 Nf6 4. Bg2 Bg7 5. 0-0 0-0 6. d3 Nc6 7. c3 b6 8. h3 Bb7 9. Qe1 Re8 10. d4 e6 11. Be3 Ne4 12. Nbd2 Ne7 13. g4 f6 14. Bf2 Rc8 15. Nxe4 dxe4 16. Nd2 f5 17. Nc4 c5 18. dxc5 bxc5 19. Rd1 Nd5 20. gxf5 gxf5 21. Bh4 Qc7 22. Qf2 Ba6 23. Ne3 Nf6 24. b3 Nh5 25. c4 Bb7 26. Nc2 e5 27. fxe5 f4 28. Bf6 Re6 29. Ne3 Bxf6 30. exf6 Ng3 31. Nd5 Bxd5 32. Rxd5 Nxf1 33. Qxf1 f3 34. exf3 e3 35. Qe2 Qf4 36. Rd7 Rf8 37. Rg7+ Kh8 38. Qd3 Qh4 0-1

[Event "GER CCM-E01-D email"]
[Site "GER email"]
[Date "2017.06.26"]
[Round "?"]
[White "Schmidt, Torsten"]
[Black "Flor Trejo, Remigio"]
[Result "0-1"]
[WhiteElo "2136"]
[BlackElo "2149"]
[PlyCount "98"]
[EventDate "2017.??.??"]
[EventType "tourn (corr)"]
[EventRounds "13"]
[EventCountry "GER"]
[SourceTitle "Corr 2020"]
[Source "ChessBase"]
[SourceDate "2019.09.30"]
[SourceVersion "1"]
[SourceVersionDate "2019.09.30"]
[SourceQuality "1"]

1. f4 d5 2. Nf3 g6 3. g3 Bg7 4. Bg2 c6 5. 0-0 Nf6 6. d3 0-0 7. Nc3 d4 8. Ne4 Nxe4 9. dxe4 c5 10. e3 Qb6 11. exd4 cxd4 12. Ne1 d3+ 13. Kh1 dxc2 14. Nxc2 Rd8 15. Qe2 Nc6 16. Ne3 e6 17. e5 Bd7 18. Ng4 Nd4 19. Qf2 Bc6 20. Be3 h5 21. Nf6+ Bxf6 22. exf6 Qb4 23. Rfd1 Bxg2+ 24. Qxg2 Nf5 25. Bg1 Rac8 26. a3 Qb3 27. Rxd8+ Rxd8 28. Rc1 b6 29. Rc3 Qd1 30. Qc2 Qd5+ 31. Qg2 Qd7 32. Qf3 Nh6 33. h3 Qb5 34. Qg2 Qf5 35. Rc7 Qxf6 36. Rxa7 Nf5 37. Ra8 Nxg3+ 38. Kh2 Nf1+ 39. Kh1 Rxa8 40. Qxa8+ Kh7 41. Kg2 Nd2 42. Qa4 Qd8 43. Qd4 Qa8+ 44. Kf2 Qf3+ 45. Ke1 Qg2 46. Qxd2 Qxg1+ 47. Ke2 Qh2+ 48. Ke1 Qxh3 49. Qf2 h4 0-1

[Event "GER CCM-E01-D email"]
[Site "GER email"]
[Date "2017.06.26"]
[Round "?"]
[White "Schmidt, Torsten"]
[Black "Rivas Romero, Guillermo"]
[Result "1/2-1/2"]
[WhiteElo "2136"]
[BlackElo "2171"]
[PlyCount "80"]
[EventDate "2017.??.??"]
[EventType "tourn (corr)"]
[EventRounds "13"]
[EventCountry "GER"]
[SourceTitle "Corr 2020"]
[Source "ChessBase"]
[SourceDate "2019.09.30"]
[SourceVersion "1"]
[SourceVersionDate "2019.09.30"]
[SourceQuality "1"]

1. f4 d5 2. Nf3 g6 3. g3 Bg7 4. Bg2 c6 5. Nc3 d4 6. Ne4 Nf6 7. Nf2 c5 8. 0-0 Nc6 9. e4 dxe3 10. dxe3 0-0 11. Qe2 Ng4 12. Ne4 Qb6 13. c3 Rd8 14. h3 Nf6 15. Nxf6+ exf6 16. e4 Qc7 17. Be3 b6 18. Rfd1 Bb7 19. Rxd8+ Nxd8 20. Nd2 Bc6 21. Qf2 Nb7 22. Re1 Re8 23. f5 Qd7 24. g4 Nd6 25. Bf4 Rd8 26. h4 Bf8 27. Qg3 Be7 28. fxg6 fxg6 29. e5 fxe5 30. Bxc6 Qxc6 31. Rxe5 Bf8 32. Qf3 Qa4 33. a3 Nf7 34. Re2 Bg7 35. Kg2 Ne5 36. Bxe5 Bxe5 37. Rxe5 Rxd2+ 38. Re2 Rxe2+ 39. Qxe2 Qc6+ 40. Qf3 Qd7 1/2-1/2

[Event "GER T239-B01-S email"]
[Site "GER email"]
[Date "2016.05.10"]
[Round "?"]
[White "Fels, Bernhard"]
[Black "Schmidt, Torsten"]
[Result "1-0"]
[WhiteElo "1911"]
[BlackElo "1881"]
[PlyCount "79"]
[EventDate "2016.05.16"]
[EventType "tourn (corr)"]
[EventRounds "8"]
[EventCountry "GER"]
[SourceTitle "Corr 2020"]
[Source "ChessBase"]
[SourceDate "2019.09.30"]
[SourceVersion "1"]
[SourceVersionDate "2019.09.30"]
[SourceQuality "1"]

1. e4 d5 2. exd5 Qxd5 3. Nc3 Qd6 4. d4 Nf6 5. Nf3 c6 6. g3 Bg4 7. Bg2 e6 8. 0-0 Qc7 9. h3 Bxf3 10. Qxf3 Nbd7 11. Re1 Be7 12. Ne2 0-0 13. c4 Rfe8 14. a3 e5 15. Bd2 Rad8 16. Qc3 exd4 17. Nxd4 Bc5 18. Rxe8+ Rxe8 19. b4 Bxd4 20. Qxd4 Nb6 21. Be3 Rd8 22. Qc5 Qd7 23. b5 cxb5 24. Qxb5 Qe6 25. Rc1 Rd7 26. a4 Rd3 27. Bf4 Rd7 28. a5 Nc8 29. Bxb7 Nd6 30. Bd5 Nxb5 31. Bxe6 fxe6 32. cxb5 Nd5 33. Bb8 Kf7 34. b6 Nxb6 35. axb6 axb6 36. Kg2 b5 37. Rc7 Rxc7 38. Bxc7 Kf6 39. Kf3 Kf5 40. Bd6 1-0